000 00738nam a2200229 i 4500
001 87174
003 ES-MaACL
005 20230906175618.0
007 t|
008 041220s1945 sp ||||1| spa d
100 1 _aKoermendi, Ferenc.
_968450
245 1 0 _aAventura en Budapest /
_cFerenc Körmendi ; traducción autorizada, por Enrique de Juan.
250 _a1ª ed.
260 _aBarcelona :
_bVictoria,
_c1945 (
_fEmporium)
300 _a422 p. ;
_c20 cm.
490 1 _aNovelas húngaras
500 _a(Primer Premio del Concurso Internacional de la Novela celebrado en Londres)
700 1 _aJuan, Enrique de.
_967090
830 0 _aNovelas húngaras
_9186745
852 _aES-MaACL
_jE-1168
_bR.28592
999 _c87174
_d87174